banner-ar

شهادة القلم: ازمة الكويت فى عيون كتاب مصر / (Record no. 28715)

MARC details
000 -الفاتح
حقل البيانات ثابتة الطول 00814nam a2200253Ia 4500
005 - وقت وتاريخ اخر تعامل مع التسجيلة
رقم الضبط 20240530101922.0
008 - عناصر البيانات ثابتة الطول - معلومات عامة
حقل البيانات ثابتة الطول 140319s9999 xx 000 0 ara d
040 ## - مصدر الفهرسة
وكالة الفهرسة الأصلية GCL /
وكالة النسخ GCL
082 04 - رقم تصنيف ديوى العشرى
رقم التصنيف 327.11
رقم المادة م ش
100 1# - المدخل الرئيسى - إسم شخصى
الإسم الشخصى المركز الاعلامى الكويتى
245 10 - بيان العنوان
العنوان شهادة القلم: ازمة الكويت فى عيون كتاب مصر /
بيان المسئوليه,etc المركز الاعلامى الكويتى
300 ## - الوصف المادى
التعداد 715 ص
650 04 - المدخل الاضافى بالموضوع-مصطلح موضوعى
مصطلح موضوعي الكويت
650 04 - المدخل الاضافى بالموضوع-مصطلح موضوعى
مصطلح موضوعي مصر
650 04 - المدخل الاضافى بالموضوع-مصطلح موضوعى
مصطلح موضوعي العالم العربى
650 04 - المدخل الاضافى بالموضوع-مصطلح موضوعى
مصطلح موضوعي الاحوال السياسية
650 04 - المدخل الاضافى بالموضوع-مصطلح موضوعى
مصطلح موضوعي العراق
650 04 - المدخل الاضافى بالموضوع-مصطلح موضوعى
مصطلح موضوعي مقالات ومحاضرات
650 04 - المدخل الاضافى بالموضوع-مصطلح موضوعى
مصطلح موضوعي الادباء
650 04 - المدخل الاضافى بالموضوع-مصطلح موضوعى
مصطلح موضوعي حرب الخليج
942 ## - عناصر المدخل الإضافي( كوها)
مصدر التصنيف او مخطط الترفيف Dewey Decimal Classification
Koha [default] item type كتاب
260 ## - PUBLICATION, DISTRIBUTION, ETC. (IMPRINT)
-- [S.N] :
-- المركز الاعلامى الكويتى
Holdings
حالة التراجع حالة الفقد حالة تلف ليس للاعارة المكان المؤقت الموقع الحالى تاريخ الاكتساب اجمالي اﻻعارات رقم الطلب الباركود تاريخ اخر مشاهدة تاريخ تفعيل السعر نوع وعاء كوها مصدر التصنيف او خطة الترفيف
        مكتبة القاهرة الكبرى مكتبة القاهرة الكبرى 03/26/2014   327.11\م ش 65513 03/26/2014 03/26/2014 كتاب  
        مكتبة القاهرة الكبرى مكتبة القاهرة الكبرى 03/05/2022   327.11\ م ش 167549 03/05/2022 03/05/2022 كتاب ddc
        مكتبة القاهرة الكبرى مكتبة القاهرة الكبرى 03/05/2022   327.11\ م ش 167550 03/05/2022 03/05/2022 كتاب ddc
        مكتبة القاهرة الكبرى مكتبة القاهرة الكبرى 03/05/2022   327.11\ م ش 167551 03/05/2022 03/05/2022 كتاب ddc

Powered By

EGPV